Welcome to the Holygrace Academy Library

Please use search bar below to get started

CHEMISTRY (Record no. 6856)

MARC details
000 -LEADER
fixed length control field 00308nam a22001217a 4500
020 ## - INTERNATIONAL STANDARD BOOK NUMBER
ISBN 9789389708448
082 ## - DEWEY DECIMAL CLASSIFICATION NUMBER
Classification number 510
Item number JAU/C
100 ## - MAIN ENTRY--AUTHOR NAME
Personal name DR. JAUHAR, S P
245 ## - TITLE STATEMENT
Title CHEMISTRY
Remainder of title CLASS XI , PART I
260 ## - PUBLICATION, DISTRIBUTION, ETC. (IMPRINT)
Place of publication SAHIBABAD
Name of publisher BALWANT SHARMA, MODERN PUBLISHERS
650 ## - SUBJECT ADDED ENTRY--TOPICAL TERM
Topical Term XI CHEMISTRY, PART I
Geographic subdivision UP
942 ## - ADDED ENTRY ELEMENTS (KOHA)
Koha item type Books
Holdings
Withdrawn status Lost status Collection code Home library Current library Shelving location Date acquired Source of acquisition Cost, normal purchase price Full call number Accession Number Koha item type
    Reference Main Library Main Library NEW SHELF WITH NEW ENTRY 27/09/2023 PUCHASE 695.50 510 JAU/C 12895 Books